01882nam a2200265 i 4500003000900000005001700009007000300026008004100029020001800070040003000088082001900118100005000137245018500187264003600372300007600408336002700484337003300511338002800544500007400572504003100646520075300677700004601430700004701476710009301523DO-SdBNP20250512103647.0ta250512b2024 dr acbo| |||| 00| 0 spa d a9789945800678 aDO-SdBNPbspacBNPHUerda axxxxbM3852221 aMartínez de Macarrulla, Lidiaeautora4aut.13aEl cacique Enriquillo :bun líder indígena para la libertad en América /cLidia Martinez de Macarrulla ; editor, César Sánchez Franco ; foto de portada Javier Benítez,  1aSanto Domingo :bFOMCAE,c2024. a196 páginas :bilustraciones, retratos, mapas, fotografías c28 cm. atextobtxt2rdacontent asin mediaciónbn2rdamedia avolumenbnc2rdacarrier aIncluye datos biografícos de la autora en la solapa de la portada.  aBibliografía p: 195-197. aLa investigación llevada a cabo por la señora Lidia Martínez de Macarrulla llega ahora a manos del lector. La labor del historiador exige explorar el pasado y ahondar en las raíces hasta sacar a la luz los hechos. Es una tarea lenta y, en ocasiones, cargada de desaliento, hasta lograr recomponer los fragmentos que han quedado en la oscuridad de archivos y bajo la tierra de diversos lugares excavados con mimo y cuidado. En las páginas de este libro hay muchas horas de búsqueda y trabajo minucioso para presentarnos la figura del cacique Enriquillo, símbolo de libertad y pilar de la identidad del pueblo dominicano. Este es el deseo original del proyecto que la señora Martinez de Macarrulla encabeza desde hace varios años.  aSánchez Franco, César eeditor4ed.  aBenítez, Javier efoto de portada 4fot.1 aFundación para el Fomento de las Artes, Cultura, Actividades Físicas y Educación.